Catálogo
 En Linea

Rectificaciones hechas por el ministro de Hacienda y Comercio de la República Dominicana Sr. Elias Brache Hijo al informe que produjo en la Cámara de de Representantes. (Registro nro. 32878)

Detalles MARC
000 -CABECERA
campo de control de longitud fija 00498nam a2200133 a 4500
001 - NÚMERO DE CONTROL
campo de control 000033387
005 - FECHA Y HORA DE LA ÚLTIMA TRANSACCIÓN
campo de control 20200930070225.0
008 - DATOS DE LONGITUD FIJA--INFORMACIÓN GENERAL
campo de control de longitud fija 110825s1902 dr 000 0 spa d
040 ## - FUENTE DE LA CATALOGACIÓN
Centro catalogador/agencia de origen DO-SdBNP
Lengua de catalogación spa
Centro/agencia transcriptor BNPHU
049 ## - FONDOS LOCALES (OCLC)
Fondos de biblioteca BNPD
245 00 - MENCIÓN DE TÍTULO
Título Rectificaciones hechas por el ministro de Hacienda y Comercio de la República Dominicana Sr. Elias Brache Hijo al informe que produjo en la Cámara de de Representantes.
260 ## - PUBLICACIÓN, DISTRIBUCIÓN, ETC.
Lugar de publicación, distribución, etc. Santo Domingo :
Nombre del editor, distribuidor, etc. Tipografía Nacional,
Fecha de publicación, distribución, etc. 1902.
300 ## - DESCRIPCIÓN FÍSICA
Extensión 26 p. ;
Dimensiones 24 cm.
Existencias
Estado de retiro Estado de pérdida Restricciones de uso No para préstamo Código de colección Localización permanente Ubicación/localización actual Ubicación en estantería Fecha de adquisición Número de inventario Total de préstamos Signatura topográfica completa Código de barras Fecha visto por última vez Precio válido a partir de Tipo de ítem Koha
      Excluido de préstamo Raros y valiosos Patrimonio Dominicano Patrimonio Dominicano Depósito 25.08.2011 LF1   33387-10 25.06.2020 25.06.2020 No se presta

Con tecnología Koha